00595nam a22001817a 4500003000400000008004100004020001800045082001400063100002200077245002200099250001300121260004200134300001100176650001500187942001200202999001700214952018200231OSt250711b |||||||| |||| 00| 0 eng d a9789354438714 a302.1 SIS aSINGH, Arun kumar aSocial Psychology a3rd. ed. aDelhi,bPHI Learning Pvt. Ltd,c2025, a367 p. aPsychology 2ddccBK c13676d13676 00102ddc40708BAHONPSYaPIETNCRbPIETNCRd2025-07-03eZafaa Books & DistributersfIn Rupeesg895.00kZBD0177l0o302.1 SISpN3925r2025-07-11 00:00:00v626.50w2025-07-03yBK